000 01729cab a2200289Ia 45 0
999 _c44972
_d44972
001 u190396
003 SIRSI
008 100505s2008 ua ss b eng d
040 _aEAL
041 _aeng
_bara
090 _aART AVMJ V54 No119 5
100 1 _aAlluwaimi, A.M.
_93499
240 1 0 _aAssiut veterinary medical journal, 2008 v. 54 (119)
_h[electronic resource].
245 1 4 _aThe immunosuppressive effect of Staphylococcus aureus mastitis on IL 8 activity.
_h[electronic resource].
246 1 5 _aتأثير الثبيط المناعى فى التهاب الضرع المتسبب Staphylococcus aureus بواسطة على نشاط ال8-IL .
300 _ap.47-53.
504 _aIncludes reference.
520 _aIL 8 is a neutrophil chemoattractant that plays important role in the regulation of inflammatory responses. The role of IL 8 in the Staphylococcus aureus mastitis has drawn considerable attention in the last years. The level and extent of the IL 8 transcriptional activity was considered vital to be monitored. Bovine TaqMan® real time PCR was employed to examine the IL 8 mRNA transcriptional activity in cattle experimentally infected with Staphylococcus aureus at the time points 0, 7, 24 and 32 hrs post infection. The level of IL 8 transcriptional activity increased at 24 hrs post infection, however non significantly.
546 _aSummary in Arabic.
650 0 _aStaphylococcus aureus infections.
_9204
650 0 _aMastitis
_xTreatment.
_9674
650 0 _aCattle
_xDiseases.
_93500
650 0 _aCattle
_xImmunology
_93501
773 0 _tAssiut Veterinary Medical Journal.
_g2008.v.54(119)
_x1012-5973
_7nnas
_wu181356
856 4 0 _uhttp://nile.enal.sci.eg/EALE/2008/AVMJ/5408/119/47.pdf
_zFull Text Article.
942 _cAR
_2lcc